00119 2200061 4500001002100000990001800021990001800039INLIS000000000003831 a005955.011087 a005955.011088